La mythologie grecque - Les noms en O - Statistiques

Statistiques générales
  • Ce quiz a été pris 344 fois
  • Le résultat moyen est 5 sur 11
Statistiques - réponses
Hint Réponse % Correct
Roi de Thèbes ayant tué son père et épousé sa mère Œdipe
92%
Héros, poète et musicien ayant effectué une descente aux enfers Orphée
81%
Titan de la mer, père des dieux-fleuves Océan
68%
Chasseur géant transformé en constellation Orion
68%
Dieu du ciel étoilé Ouranos
63%
Fils d'Agamemnon, ayant vengé son père Oreste
46%
On le connaît sous le nom d'Ulysse Odysseus
43%
Chien de Géryon, frère de Cerbère Orthros
16%
Reine de Lydie chez qui Héraclès accomplit trois années de servitude Omphale
9%
Femme enlevée par Boréas, mère des Boréades Orithye
5%
Fille de Chiron, devineresse changée en cheval Ocyrhoé
3%
Aucun quiz correspondant
Distribution des résultats
% des personnes avec chaque résultat
Percentile par nombre de réponses
Votre historique - résultats
Vous n’avez pas pris ce quiz